000 00889nam a2200277Ia 4500
001 Para_5206
003 CHAP
008 220125s1918 xx 000 0 und d
010 _a203731
040 _cCHAP
090 _aPA FOLLETO 2547
100 _aScott, W. M
_9103409
245 _aSpraying peaches for the control of brown-rot, scab, and curculio /
_c W. M. Scott and A. L. Quaintance
260 _aWashington :
_b Department of Agriculture
300 _a24 p.
440 _aEUA. Dept. of Agriculture Farmers'bull.; 440
_9169607
650 _aDurazno
_x Plagas Durazno
_x Enfermedades Aspersión
_x Efecto en árboles frutales
_9169608
700 _aQuaintance, A. L.
_993122
901 _aPA FOLLETO 2547
902 _aA
905 _a0000001918 WAS 0000000000 00
910 _a1918
942 _cPARA
942 _cPARA
_d1
999 _c203731
_d203731